Statistiques concernant La réponse contient grriii

Cliquez ici pour prendre le quiz!

Statistiques générales

  • Ce quiz a été pris 17 fois
  • Le résultat moyen est 2 sur 15

Statistiques - réponses

HintRéponse% Correct
Ta réaction quand tu n'appelles pas ça communiquerGrriii
100%
Un livre chez les sorciersGrriiimoire
21%
Les koalas (et toi parfois) en ontGrriiiffes
14%
C'est une façon de cuire la viandeGrriiillade
14%
Lorsque Anne fait mmmmm, elle fait une ...Grriiimace
14%
Lorsqu'il ne fait pas beauIl fait grriii
14%
Je ne veux pas du tout l'êtreAigrriii
7%
Le nom d'une brancheGrriiigoire
7%
Ils portent chanceGrriiigrriii
7%
C'est un nainGrriiincheux
7%
Le surnom sur ma polaireGrrrriii
7%
Tu perds tout le temps à ce jeuLigrriiitto
7%
Mon premier quiz jetpunkQuiz sur Agrriiillé
7%
C'est un gros animal qui me ressembleGrriiizzly
0%
Un animal volant du monde d'Harry PotterHypogrriiiphe
0%

Distribution des résultats

Percentile par nombre de réponses

% des personnes avec chaque résultat

Votre développement - résultats

Vous n’avez pas pris ce quiz